Suki Waterhouse - Coolest Place in the World lyrics - Statistics

General Stats
  • This quiz has been taken 17 times
  • The average score is 173 of 198
Answer Stats
Hint Answer % Correct
a
100%
and
100%
And
100%
anyone
100%
are
100%
be
100%
But
100%
'cause
100%
Coolest
100%
else
100%
every
100%
girl
100%
got
100%
I
100%
i
100%
I'll
100%
in
100%
is
100%
Is
100%
just
100%
know
100%
less
100%
like
100%
Love
100%
love
100%
me
100%
more
100%
place
100%
say
100%
Shouldn't
100%
than
100%
that
100%
the
100%
think
100%
this
100%
to
100%
Told
100%
told
100%
up
100%
want
100%
we
100%
world
100%
would
100%
Verse 1 You
100%
you
100%
your
100%
you're
100%
all
67%
'bout
67%
fuck
67%
has
67%
high
67%
homie
67%
How
67%
Humans
67%
people
67%
Verse 2 Promised
67%
scar
67%
scared
67%
school
67%
sleep
67%
trauma
67%
with
67%
anywhere
33%
appeal
33%
art
33%
blessing
33%
blessing's
33%
blew
33%
cathedral
33%
exists
33%
four
33%
God
33%
held
33%
into
33%
said
33%
between
0%
Frankincense
0%
No matching quizzes found
Score Distribution
Percent of People with Each Score
Percentile by Number Answered
Your Score History
You have not taken this quiz